[Event "XXV C.to Mondiale Seniores femminile Over 65"]
[Site "Acqui Terme ITA"]
[Date "2015.11.18"]
[Round "7"]
[White "Lebel-Arias, Julia"]
[Black "Fatalibekova, Elena"]
[WhiteElo "1796"]
[BlackElo "2242"]
[Result "0-1"]
[PlyCount "120"]
[EventDate "2015.11.10"]

1. d4 Nf6 2. Nf3 c5 3. e3 d6 4. Bd3 g6 5. Nbd2 Bg7 6. c3 O-O 7. O-O a6 8. a4 b6
9. Qe2 Nc6 10. h3 e5 11. dxe5 dxe5 12. Ne4 Qc7 13. Nxf6+ Bxf6 14. e4 Bb7 15.
Bh6 Bg7 16. Qe3 Ne7 17. Bxg7 Kxg7 18. Rfe1 c4 19. Bc2 Nc6 20. h4 h5 21. Rad1
Rad8 22. Ng5 Bc8 23. Rxd8 Nxd8 24. Rd1 f6 25. Nf3 Ne6 26. g3 Nc5 27. Nd2 Be6
28. f3 Qc6 29. Ra1 Rd8 30. Nf1 Bf7 31. a5 b5 32. Rd1 Rxd1 33. Bxd1 Qc7 34. Bc2
Nd7 35. Qd2 Nb8 36. f4 Nc6 37. f5 Nxa5 38. Qe3 Nb7 39. Kg2 Qc5 40. Qxc5 Nxc5
41. Ne3 a5 42. Kf3 b4 43. cxb4 axb4 44. fxg6 Kxg6 45. Ke2 b3 46. Bb1 Na4 47.
Nd1 Be6 48. Kd2 Kf7 49. Kc1 Ke7 50. Nc3 Nxc3 51. bxc3 Bd7 52. Kb2 f5 53. exf5
Kf6 54. Be4 Bxf5 55. Bf3 Bg4 56. Be4 Be2 57. Ka3 Bg4 58. Kb2 Bf5 59. Bf3 Bd3
60. Bxh5 e4 0-1

[Event "XXV C.to Mondiale Seniores femminile Over 65"]
[Site "Acqui Terme ITA"]
[Date "2015.11.18"]
[Round "7"]
[White "Sorokina, Tamara"]
[Black "Kuznetsova, Luba"]
[WhiteElo "2116"]
[BlackElo "2014"]
[Result "1/2-1/2"]
[PlyCount "23"]
[EventDate "2015.11.10"]

1. d4 e6 2. e4 d5 3. exd5 exd5 4. Nf3 Nf6 5. Bg5 Be7 6. Bd3 O-O 7. O-O Bg4 8.
h3 Bh5 9. c3 Nbd7 10. Nbd2 c6 11. Qc2 Bg6 12. Qd1 1/2-1/2

[Event "XXV C.to Mondiale Seniores femminile Over 65"]
[Site "Acqui Terme ITA"]
[Date "2015.11.18"]
[Round "7"]
[White "Tsifanskaya, Ludmila A"]
[Black "Abdikasova, Panu"]
[WhiteElo "2077"]
[BlackElo "1980"]
[Result "1-0"]
[PlyCount "173"]
[EventDate "2015.11.10"]

1. Nf3 Nf6 2. g3 g6 3. Bg2 Bg7 4. O-O O-O 5. d4 c6 6. c4 d5 7. cxd5 cxd5 8. Nc3
Nc6 9. Ne5 e6 10. Nxc6 bxc6 11. Bf4 Nh5 12. Be3 Rb8 13. Na4 f5 14. f4 Nf6 15.
Rc1 Ng4 16. Bf2 Nxf2 17. Rxf2 Bd7 18. e3 Rf7 19. b3 Bf8 20. Nc5 Bc8 21. Rfc2
Qa5 22. Qd2 Qxd2 23. Rxd2 Bxc5 24. Rxc5 Rb6 25. Rdc2 Bd7 26. Bf1 Be8 27. Kf2
Rfb7 28. Ke1 Kf7 29. Kd2 Ke7 30. Ra5 Kd6 31. Rcc5 Bd7 32. Ra3 Rc7 33. Kc3 Be8
34. Rca5 Rbb7 35. Ra6 Ke7 36. R3a5 Kf6 37. b4 g5 38. a4 gxf4 39. exf4 Ke7 40.
Kb3 Bd7 41. Rc5 Kd8 42. Rc2 Rb6 43. Rxb6 axb6 44. h3 Ra7 45. g4 fxg4 46. hxg4
c5 47. b5 c4+ 48. Kb4 Be8 49. Bh3 Rf7 50. f5 exf5 51. gxf5 Rf6 52. a5 bxa5+ 53.
Kxa5 Kc7 54. Re2 Bf7 55. Kb4 Kd6 56. Ra2 Kc7 57. Kc5 Kb7 58. Re2 h6 59. Re3 h5
60. Re7+ Kb8 61. Kb4 h4 62. Bg4 Ka8 63. Re3 Kb8 64. Rh3 Rh6 65. Kc5 Kb7 66. Bf3
Rf6 67. Bxd5+ Bxd5 68. Kxd5 Rxf5+ 69. Kxc4 Rf4 70. Kc5 Rg4 71. d5 Rf4 72. Re3
Rf1 73. Re7+ Kc8 74. Rh7 Rc1+ 75. Kd6 Rc4 76. b6 Kb8 77. Kd7 Kb7 78. d6 Re4 79.
Kd8+ Kxb6 80. d7 Kb7 81. Rh5 Rd4 82. Rh6 Re4 83. Rh7 Kb8 84. Rh5 Kb7 85. Rb5+
Kc6 86. Rb3 Rg4 87. Kc8 1-0

[Event "XXV C.to Mondiale Seniores femminile Over 65"]
[Site "Acqui Terme ITA"]
[Date "2015.11.20"]
[Round "8"]
[White "Abdikasova, Panu"]
[Black "Kabanova, Irina"]
[WhiteElo "1980"]
[BlackElo "1954"]
[Result "1-0"]
[PlyCount "67"]
[EventDate "2015.11.10"]

1. d4 Nf6 2. c4 e6 3. a3 d5 4. e3 Be7 5. Nc3 Nbd7 6. Nf3 O-O 7. Be2 dxc4 8.
Bxc4 c5 9. O-O a6 10. Be2 Qc7 11. Bd2 b6 12. Rc1 Qb8 13. Qc2 Bb7 14. h3 h6 15.
Rfd1 Rc8 16. Qb1 Rd8 17. b4 cxd4 18. Nxd4 Ne5 19. f3 Nc6 20. Nxc6 Bxc6 21. Be1
Qb7 22. e4 Bd6 23. Rxd6 Rxd6 24. e5 Rd7 25. exf6 g6 26. Bf2 Rad8 27. Be3 Kh7
28. Rd1 Rxd1+ 29. Nxd1 b5 30. Qc1 Bd5 31. Bxh6 Qb6+ 32. Nf2 Qc6 33. Qg5 Qc3 34.
Bg7 1-0

[Event "XXV C.to Mondiale Seniores femminile Over 65"]
[Site "Acqui Terme ITA"]
[Date "2015.11.20"]
[Round "8"]
[White "Khmiadashvili, Tamar"]
[Black "Sorokina, Tamara"]
[WhiteElo "2029"]
[BlackElo "2116"]
[Result "1-0"]
[PlyCount "59"]
[EventDate "2015.11.10"]

1. c4 Nf6 2. Nc3 e6 3. e4 d6 4. d3 Be7 5. g3 c5 6. Bg2 Nc6 7. Nge2 O-O 8. O-O
a6 9. f4 Rb8 10. a4 Nd4 11. h3 Bd7 12. Nxd4 cxd4 13. Ne2 e5 14. b4 Kh8 15. a5
b6 16. axb6 Rxb6 17. Bd2 Qb8 18. g4 Ng8 19. Qe1 f6 20. Ng3 g6 21. f5 Kg7 22. h4
Kf7 23. g5 Ke8 24. Bh3 Kd8 25. b5 axb5 26. Ba5 Ke8 27. Bxb6 Qxb6 28. Ra8+ Bd8
29. cxb5 Qxb5 30. Qb1 1-0

[Event "XXV C.to Mondiale Seniores femminile Over 65"]
[Site "Acqui Terme ITA"]
[Date "2015.11.20"]
[Round "8"]
[White "Kuznetsova, Luba"]
[Black "Lebel-Arias, Julia"]
[WhiteElo "2014"]
[BlackElo "1796"]
[Result "1/2-1/2"]
[PlyCount "160"]
[EventDate "2015.11.10"]

1. d4 g6 2. e4 Bg7 3. Nc3 d6 4. h3 c6 5. a4 a5 6. Be3 b6 7. Bd3 Na6 8. f4 Nb4
9. Be2 d5 10. exd5 Nxd5 11. Nxd5 cxd5 12. Nf3 f6 13. O-O e6 14. Bb5+ Bd7 15.
Qd3 Ne7 16. Ra3 O-O 17. Rb3 Nc6 18. c3 Ra7 19. g4 Qc7 20. Kg2 Rb7 21. Ra3 Nb8
22. Bc1 Bxb5 23. Qxb5 Qc6 24. Re1 Rc8 25. Ra1 Nd7 26. Bd2 Kf7 27. g5 f5 28. h4
Qxb5 29. axb5 Bf8 30. Rh1 Bd6 31. h5 Nf8 32. hxg6+ hxg6 33. Rh8 Rbc7 34. Rah1
a4 35. Ra1 Ra7 36. b4 a3 37. Ra2 Kg7 38. Rh1 Rca8 39. Rha1 Nd7 40. Ne1 Kf7 41.
Nc2 Rh8 42. Rxa3 Rc7 43. Ra7 Ke7 44. Rxc7 Bxc7 45. Rh1 Rxh1 46. Kxh1 Kd6 47.
Kg2 Bd8 48. Kf3 Bc7 49. Ke2 Bd8 50. Kd3 Bc7 51. Na3 Bd8 52. c4 dxc4+ 53. Kxc4
Bc7 54. Nb1 Ke7 55. Be3 Kd6 56. Nd2 Bd8 57. Nf3 Bc7 58. Bd2 Ke7 59. Nh4 Nf8 60.
d5 e5 61. fxe5 Bxe5 62. Be3 Bc7 63. Bd4 Kf7 64. Nf3 Nd7 65. d6 Bxd6 66. Kd5
Bxb4 67. Kc6 Ke6 68. Bxb6 Nxb6 69. Kxb6 Kd5 70. Kc7 Bc5 71. Kd7 Ke4 72. Nh4 Kf4
73. Nxg6+ Kxg5 74. Ne5 f4 75. Ke6 Be3 76. Kd5 Kf5 77. Nf3 Bb6 78. Ne5 Bg1 79.
Nf3 Bb6 80. Ne5 Bg1 1/2-1/2

[Event "XXV C.to Mondiale Seniores femminile Over 65"]
[Site "Acqui Terme ITA"]
[Date "2015.11.20"]
[Round "8"]
[White "Tsifanskaya, Ludmila A"]
[Black "Kozlovskaya, Valentina"]
[WhiteElo "2077"]
[BlackElo "2249"]
[Result "1-0"]
[PlyCount "51"]
[EventDate "2015.11.10"]

1. e4 c5 2. Nf3 d6 3. d4 cxd4 4. Qxd4 Nc6 5. Bb5 Bd7 6. Bxc6 Bxc6 7. Nc3 e6 8.
Bg5 Nf6 9. O-O-O Be7 10. Qd3 Qa5 11. Bd2 a6 12. Kb1 Qc7 13. Nd4 O-O 14. f4 Rfc8
15. f5 e5 16. Nxc6 bxc6 17. g4 Qb7 18. g5 Rab8 19. b3 Ne8 20. h4 Rd8 21. h5 Bf8
22. f6 d5 23. fxg7 Nxg7 24. g6 Ne6 25. Qg3 Bd6 26. gxf7+ 1-0

[Event "XXV C.to Mondiale Seniores femminile Over 65"]
[Site "Acqui Terme ITA"]
[Date "2015.11.21"]
[Round "9"]
[White "Kabanova, Irina"]
[Black "Fatalibekova, Elena"]
[WhiteElo "1954"]
[BlackElo "2242"]
[Result "0-1"]
[PlyCount "88"]
[EventDate "2015.11.10"]

1. e4 c5 2. Nf3 Nc6 3. d4 cxd4 4. Nxd4 Qb6 5. Nb3 Nf6 6. Nc3 e6 7. Be3 Qc7 8.
a3 a6 9. Be2 b5 10. O-O b4 11. axb4 Bxb4 12. f3 Bxc3 13. bxc3 d6 14. Qd2 O-O
15. Rfd1 d5 16. exd5 Nxd5 17. Bf2 Ne5 18. Nc5 a5 19. Bb5 Ng6 20. c4 Ndf4 21.
Qe3 e5 22. Qe4 Rb8 23. Qe1 Qe7 24. Rxa5 Bf5 25. Nd7 Rxb5 26. Nxf8 Qg5 27. Bg3
Rxa5 28. Nxg6 Ra8 29. Nxf4 exf4 30. Bh4 Qg6 31. Rd8+ Rxd8 32. Bxd8 h6 33. Be7
Bxc2 34. c5 Ba4 35. Bd6 Bc6 36. Qd1 Qf5 37. h3 g5 38. Kh2 Qe6 39. Kg1 Qe3+ 40.
Kh1 h5 41. Qf1 g4 42. hxg4 hxg4 43. fxg4 f3 44. g3 f2+ 0-1

[Event "XXV C.to Mondiale Seniores femminile Over 65"]
[Site "Acqui Terme ITA"]
[Date "2015.11.21"]
[Round "9"]
[White "Lebel-Arias, Julia"]
[Black "Khmiadashvili, Tamar"]
[WhiteElo "1796"]
[BlackElo "2029"]
[Result "0-1"]
[PlyCount "136"]
[EventDate "2015.11.10"]

1. d4 d5 2. e3 e6 3. Bd3 Nf6 4. Nd2 c5 5. c3 Nc6 6. f4 cxd4 7. exd4 Bd6 8. Qf3
Ne7 9. Ne2 Bd7 10. Ng3 g6 11. a4 a5 12. O-O Nf5 13. Qe2 O-O 14. Nf3 Nxg3 15.
hxg3 Nh5 16. Qe1 f5 17. Be3 Nf6 18. Ne5 Be8 19. b3 Kg7 20. c4 h5 21. Nf3 Bd7
22. c5 Bc7 23. Bb5 Ne4 24. Rc1 Bc6 25. Bf2 Rh8 26. Qe3 Qe8 27. Qe2 Bd8 28. Rfe1
Bf6 29. Bd3 Qd8 30. Ne5 g5 31. fxg5 Bxg5 32. Rc2 h4 33. g4 Bf4 34. Qf3 Qg5 35.
Be3 Bxe3+ 36. Qxe3 Qh6 37. gxf5 exf5 38. Qxh6+ Rxh6 39. Rf1 Rf8 40. Rf4 Rh5 41.
Be2 Rh6 42. Kh2 Kf6 43. Nf3 Rfh8 44. Bd3 Ke6 45. Re2 Rh5 46. Re3 Kd7 47. Re2
Kc7 48. Ng1 Rg8 49. Nh3 Rg3 50. Rf3 Rg7 51. Rf4 Bd7 52. Re3 Rh6 53. Re2 b6 54.
Rc2 bxc5 55. Bxe4 dxe4 56. Rxc5+ Kb6 57. Rc3 Rhg6 58. Rf2 Rd6 59. Rd2 Bc6 60.
Nf4 Rg4 61. d5 Rxf4 62. Rxc6+ Rxc6 63. dxc6 Kxc6 64. Kg1 Kc5 65. Rd8 Kb4 66.
Rd5 Kxb3 67. Rxa5 Kc3 68. Rd5 e3 0-1

[Event "I Open Under 1600 A"]
[Site "Ceriano Laghetto ITA"]
[Date "2015.11.21"]
[Round "1"]
[White "Belli, Alessandro"]
[Black "Caccia, Mathias"]
[WhiteElo "1409"]
[BlackElo "1482"]
[Result "0-1"]
[PlyCount "102"]
[EventDate "2015.11.21"]

1. Nf3 d5 2. d4 Nf6 3. c4 e6 4. Nc3 c6 5. e3 Bd6 6. Bd3 Nbd7 7. O-O O-O 8. c5
Bc7 9. b4 e5 10. dxe5 Nxe5 11. Nxe5 Bxe5 12. Qc2 h6 13. Bb2 a6 14. Rad1 Qe7 15.
Rfe1 Be6 16. Na4 Qc7 17. Bxe5 Qxe5 18. f4 Qh5 19. Be2 Bf5 20. Qd2 Qg6 21. Bd3
Rfe8 22. Bxf5 Qxf5 23. Qd3 Qe4 24. Qxe4 Rxe4 25. Rd4 Rae8 26. Rxe4 Rxe4 27. a3
Ng4 28. Nc3 Rxe3 29. Rxe3 Nxe3 30. Kf2 Nc4 31. a4 Kf8 32. Ke2 Ke7 33. Kd3 Ke6
34. a5 Kf5 35. Ne2 f6 36. g3 g5 37. fxg5 fxg5 38. h3 h5 39. Nd4+ Kf6 40. Nf3
Ne5+ 41. Nxe5 Kxe5 42. Ke3 d4+ 43. Kd3 Kd5 44. g4 hxg4 45. hxg4 Ke5 46. Kc4 Ke4
47. Kb3 Kd3 48. Kb2 Kd2 49. Kb3 d3 50. Kb2 Kd1 51. Kc3 d2 0-1

[Event "I Open Under 1600 A"]
[Site "Ceriano Laghetto ITA"]
[Date "2015.11.21"]
[Round "1"]
[White "De Sena, Pasquale"]
[Black "Zangheratti, Daniele"]
[WhiteElo "1434"]
[BlackElo "1599"]
[Result "0-1"]
[PlyCount "90"]
[EventDate "2015.11.21"]

1. d4 Nf6 2. c4 g6 3. e3 d5 4. Nc3 Bg7 5. Nf3 O-O 6. Bd2 b6 7. Qb3 Bb7 8. Rd1
Nc6 9. Nxd5 Ne4 10. Qc2 Nxd2 11. Rxd2 e6 12. Nc3 Qe7 13. Be2 e5 14. d5 Nb4 15.
Qd1 Rad8 16. a3 Na6 17. Nb5 c6 18. Nxa7 cxd5 19. cxd5 Bxd5 20. Rxd5 Rxd5 21.
Qxd5 Qxa7 22. O-O Nc5 23. Nxe5 Qc7 24. b4 Ne6 25. Nc6 Nd8 26. b5 Nxc6 27. Qxc6
Qa7 28. Rd1 Be5 29. Rd3 Qa5 30. Kf1 Bb2 31. a4 Kg7 32. g3 Qxa4 33. Rd2 Bf6 34.
Rd7 h5 35. Qxb6 Qe4 36. Qc6 Qf5 37. b6 Qh3+ 38. Ke1 Qxh2 39. b7 h4 40. g4 Qe5
41. Qd6 Qa5+ 42. Kf1 Be5 43. Qd5 Qa1+ 44. Kg2 h3+ 45. Kf3 Qh1# 0-1

[Event "I Open Under 1600 A"]
[Site "Ceriano Laghetto ITA"]
[Date "2015.11.21"]
[Round "1"]
[White "Franchetti Pardo, Niccolo'"]
[Black "Greco, Edoardo"]
[WhiteElo "1481"]
[BlackElo "1395"]
[Result "1-0"]
[PlyCount "105"]
[EventDate "2015.11.21"]

1. d4 Nf6 2. c4 g6 3. Nc3 d5 4. e3 Bg7 5. Nf3 O-O 6. Qb3 dxc4 7. Bxc4 b6 8. O-O
Bb7 9. Be2 Qd7 10. Qc2 Nc6 11. a3 a6 12. b4 Nd5 13. Bb2 Nxc3 14. Bxc3 Qd5 15.
e4 Qh5 16. d5 Nd8 17. Bxg7 Kxg7 18. Qxc7 b5 19. Qxe7 Kg8 20. Rac1 Bc8 21. Rc5
Bg4 22. d6 Qh6 23. d7 Ra7 24. Rd1 Bxf3 25. Bxf3 Qf4 26. h3 Rc7 27. Qe5 Qxe5 28.
Rxe5 Ne6 29. Rxe6 fxe6 30. d8=Q Rxd8 31. Rxd8+ Kf7 32. e5 g5 33. Bg4 Rc1+ 34.
Rd1 Rxd1+ 35. Bxd1 h6 36. g4 Ke7 37. Bf3 Kd7 38. Kf1 Kc7 39. Ke2 Kc8 40. Kd3
Kc7 41. Be4 Kc8 42. Kd4 Kc7 43. Kc5 Kd7 44. Kb6 Kc8 45. Kxa6 Kb8 46. Kxb5 Kc7
47. a4 Kb8 48. a5 Ka7 49. a6 Kb8 50. a7+ Kxa7 51. Kc6 Kb8 52. b5 Ka7 53. Kc7
1-0

[Event "I Open Under 1600 A"]
[Site "Ceriano Laghetto ITA"]
[Date "2015.11.21"]
[Round "1"]
[White "Frignani, Alessandro"]
[Black "Puppi, Simone"]
[WhiteElo "1412"]
[BlackElo "1557"]
[Result "0-1"]
[PlyCount "98"]
[EventDate "2015.11.21"]

1. e4 c5 2. f4 e6 3. Nf3 Nc6 4. Nc3 g6 5. Bb5 Nge7 6. a3 Bg7 7. Qe2 O-O 8. d3
Nd4 9. Nxd4 cxd4 10. Bd2 dxc3 11. Bxc3 Bxc3+ 12. bxc3 Qa5 13. Bc4 Qxc3+ 14. Kf2
Qd4+ 15. Kf3 d5 16. Bb3 dxe4+ 17. dxe4 Nc6 18. Rhd1 Qf6 19. e5 Qh4 20. g3 Qh5+
21. Kf2 Qxh2+ 22. Kf3 Qxe2+ 23. Kxe2 b6 24. c3 Ba6+ 25. Ke3 Rfd8 26. Rd6 Na5
27. Ba2 Rxd6 28. exd6 Rd8 29. Rd1 Bc4 30. Bb1 Bd5 31. Rd4 Rxd6 32. Bd3 Rc6 33.
c4 Nxc4+ 34. Bxc4 Rxc4 35. Rd3 Re4+ 36. Kd2 h5 37. Rc3 Rc4 38. Re3 h4 39. gxh4
Rxf4 40. Rh3 Kg7 41. Kc1 Kh6 42. h5 gxh5 43. Kb2 Kg5 44. Rc3 Rc4 45. Re3 f5 46.
Rg3+ Kh4 47. Rg2 f4 48. Rg7 f3 49. Rf7 Kg3 0-1

[Event "I Open Under 1600 A"]
[Site "Ceriano Laghetto ITA"]
[Date "2015.11.21"]
[Round "2"]
[White "Caccia, Mathias"]
[Black "Carugati, Mario"]
[WhiteElo "1365"]
[BlackElo "1482"]
[Result "0-1"]
[PlyCount "98"]
[EventDate "2015.11.21"]

1. e4 e5 2. Nf3 Nc6 3. d4 d5 4. Nxe5 Nxe5 5. dxe5 d4 6. c3 c5 7. Bc4 Ne7 8. Qb3
Be6 9. Bxe6 fxe6 10. Qxe6 h6 11. O-O Rc8 12. Qb3 Rc7 13. Rd1 Nc6 14. Bf4 g5 15.
Bg3 Bg7 16. e6 Re7 17. Qd5 Qc8 18. Qxc5 b6 19. Qc4 Rxe6 20. f3 O-O 21. cxd4
Nxd4 22. Qxc8 Rxc8 23. Nc3 Kh7 24. Rac1 Rcc6 25. Kf1 Rc5 26. Bf2 Rd6 27. Rd3
Rc4 28. Rcd1 Be5 29. h3 Kg6 30. Ne2 Nb5 31. Rxd6+ Nxd6 32. b3 Rc2 33. a3 Rb2
34. Bg3 Kf6 35. Bxe5+ Kxe5 36. Rd3 Ke6 37. Nd4+ Ke5 38. Nc6+ Ke6 39. Nxa7 Nb7
40. b4 Nd6 41. Nc6 Nc4 42. Nd4+ Ke5 43. Ne2 Ra2 44. Rc3 b5 45. g3 Ra1+ 46. Rc1
Rxa3 47. Ng1 Rb3 48. Rd1 Ne3+ 49. Ke2 Nxd1 0-1

[Event "I Open Under 1600 A"]
[Site "Ceriano Laghetto ITA"]
[Date "2015.11.22"]
[Round "3"]
[White "De Sena, Pasquale"]
[Black "Cucchi, Lorenzo"]
[WhiteElo "1434"]
[BlackElo "1331"]
[Result "1-0"]
[PlyCount "77"]
[EventDate "2015.11.21"]

1. d4 d5 2. c4 e6 3. e3 Nf6 4. Nf3 b6 5. g3 Ba6 6. Qa4+ Qd7 7. Qc2 Be7 8. Ne5
Qd6 9. b3 Nbd7 10. c5 bxc5 11. Ba3 Bxf1 12. Rxf1 Nxe5 13. Bxc5 Qc6 14. Kd1 Ned7
15. Bxe7 Qxc2+ 16. Kxc2 Kxe7 17. f3 Rac8 18. b4 Nb6 19. Nd2 c6 20. a4 Rc7 21.
Rfc1 Rhc8 22. a5 Nbd7 23. a6 e5 24. Nb3 exd4 25. Nxd4 g6 26. h4 Rb8 27. Kd3
Ne5+ 28. Ke2 Rbc8 29. g4 c5 30. Nb5 Rd7 31. bxc5 Rc6 32. Nd4 Rc8 33. c6 Rd6 34.
Rc5 Nc4 35. Rb1 Nb6 36. Nb5 Rdxc6 37. Rxc6 Rxc6 38. Nxa7 Rd6 39. Rxb6 1-0

[Event "I Open Under 1600 A"]
[Site "Ceriano Laghetto ITA"]
[Date "2015.11.22"]
[Round "3"]
[White "Franchetti Pardo, Niccolo'"]
[Black "Caccia, Mathias"]
[WhiteElo "1481"]
[BlackElo "1482"]
[Result "0-1"]
[PlyCount "122"]
[EventDate "2015.11.21"]

1. d4 d5 2. c4 e6 3. Nc3 Nf6 4. cxd5 exd5 5. e3 Bf5 6. Bd3 Bxd3 7. Qxd3 Bd6 8.
Qb5+ Nbd7 9. Nxd5 b6 10. Nxf6+ Qxf6 11. Nf3 a6 12. Qg5 Bb4+ 13. Bd2 Bxd2+ 14.
Kxd2 O-O 15. Qxf6 Nxf6 16. Rac1 Rac8 17. b4 Rfd8 18. Ke2 Nd5 19. a3 Kf8 20. Rc6
Ke7 21. Rhc1 f6 22. g3 Kd7 23. e4 Ne7 24. R6c3 c6 25. Nd2 Kc7 26. f4 Rxd4 27.
Rd3 Rxd3 28. Kxd3 Kd6 29. Nc4+ Kc7 30. e5 fxe5 31. Nxe5 Rd8+ 32. Ke2 Rd5 33.
Rc3 c5 34. g4 Nc6 35. Nxc6 Kxc6 36. f5 Kb5 37. Rd3 Kc6 38. Rxd5 Kxd5 39. bxc5
Kxc5 40. Kd3 Kd5 41. h4 h6 42. Ke3 Ke5 43. Kf3 b5 44. Ke3 a5 45. Kd3 b4 46.
axb4 axb4 47. Kc4 Kf4 48. Kxb4 Kxg4 49. Kc4 Kxh4 50. Kd5 Kg5 51. Ke4 h5 52. Kf3
Kxf5 53. Kg3 g5 54. Kh3 g4+ 55. Kg3 Kg5 56. Kg2 Kf4 57. Kf2 h4 58. Kg2 h3+ 59.
Kh1 Kf3 60. Kh2 g3+ 61. Kg1 h2+ 0-1

[Event "I Open Under 1600 A"]
[Site "Ceriano Laghetto ITA"]
[Date "2015.11.22"]
[Round "3"]
[White "Marcantognini, Denis"]
[Black "Greco, Edoardo"]
[WhiteElo "1589"]
[BlackElo "1395"]
[Result "1-0"]
[PlyCount "95"]
[EventDate "2015.11.21"]

1. e4 e5 2. Nf3 Nc6 3. Bb5 a6 4. Bxc6 dxc6 5. O-O Bg4 6. h3 Bxf3 7. Qxf3 Nf6 8.
Qb3 b6 9. Qc3 Qd6 10. d3 Be7 11. Nd2 O-O 12. Nc4 Qd4 13. Nxe5 Qxc3 14. bxc3 c5
15. Nc6 Bd6 16. e5 Ne8 17. exd6 cxd6 18. Rb1 b5 19. Ne7+ Kh8 20. Nd5 Nf6 21. c4
Nxd5 22. cxd5 Rfe8 23. Bf4 Rad8 24. c4 b4 25. Rfe1 Rxe1+ 26. Rxe1 h6 27. Re7
Kg8 28. Ra7 a5 29. Rxa5 g5 30. Bg3 f5 31. f4 g4 32. hxg4 fxg4 33. Ra6 Kf7 34.
f5 Kf6 35. Rxd6+ Rxd6 36. Bxd6 Kxf5 37. Bxc5 Ke5 38. d4+ Kf6 39. Bxb4 Kf7 40.
d6 Ke8 41. c5 Kd7 42. d5 Kd8 43. c6 h5 44. Ba5+ Kc8 45. d7+ Kb8 46. d8=Q+ Ka7
47. Qc7+ Ka6 48. Qb6# 1-0

[Event "I Open Under 1600 A"]
[Site "Ceriano Laghetto ITA"]
[Date "2015.11.22"]
[Round "3"]
[White "Sala, Pierluigi"]
[Black "Zangheratti, Daniele"]
[WhiteElo "1537"]
[BlackElo "1599"]
[Result "0-1"]
[PlyCount "68"]
[EventDate "2015.11.21"]

1. d4 Nf6 2. c4 e6 3. Nc3 b6 4. Nf3 Bb7 5. Bg5 Be7 6. e3 O-O 7. Bd3 h6 8. Bxf6
Bxf6 9. O-O d6 10. Re1 Nd7 11. e4 e5 12. d5 Re8 13. Bc2 Nf8 14. Ba4 Re7 15. b4
a5 16. Bc6 Bxc6 17. dxc6 axb4 18. Nd5 Re8 19. Nxb4 Ne6 20. g3 Ng5 21. Nxg5 Bxg5
22. h4 Bxh4 23. gxh4 Qxh4 24. Re3 Re6 25. Nd5 Rg6+ 26. Kf1 Ra7 27. a4 f5 28.
Raa3 Qh1+ 29. Ke2 Rg1 30. Qd2 f4 31. Rh3 Qxe4+ 32. Ne3 fxe3 33. Rhxe3 Qxc4+ 34.
Rad3 Rxa4 0-1

[Event "I Open Under 1600 A"]
[Site "Ceriano Laghetto ITA"]
[Date "2015.11.22"]
[Round "4"]
[White "Caccia, Mathias"]
[Black "De Sena, Pasquale"]
[WhiteElo "1482"]
[BlackElo "1434"]
[Result "1/2-1/2"]
[PlyCount "130"]
[EventDate "2015.11.21"]

1. e4 c5 2. Nc3 d6 3. f4 Nc6 4. Bc4 e6 5. d3 Qh4+ 6. g3 Qd8 7. Nf3 g6 8. O-O
Bg7 9. Kg2 Nge7 10. Ng5 O-O 11. h4 h6 12. Nf3 a6 13. a4 Qd7 14. Rh1 Nd4 15. h5
b6 16. Rh2 Bb7 17. Nxd4 cxd4 18. hxg6 fxg6 19. Ne2 Nf5 20. Qg1 b5 21. Bb3 Ne7
22. Bd2 bxa4 23. Bxa4 Bc6 24. Bb3 d5 25. e5 Nf5 26. Nxd4 Nxd4 27. Qxd4 Qa7 28.
Qxa7 Rxa7 29. Kf2 Kh7 30. Ke2 Rb8 31. Be3 Raa8 32. d4 Rb4 33. Kd3 a5 34. Bd2
Rb5 35. Ba4 Rb6 36. Bxc6 Rxc6 37. Rxa5 Rac8 38. Bc3 R8c7 39. Rh1 Bf8 40. Ra4
Be7 41. Rha1 g5 42. fxg5 Bxg5 43. Ra7 Kg6 44. Rxc7 Rxc7 45. Bd2 h5 46. Ra6 Bxd2
47. Kxd2 Kf5 48. Ra1 Kg4 49. Rh1 Rf7 50. Rg1 Rf3 51. b4 Rxg3 52. Rxg3+ Kxg3 53.
b5 h4 54. b6 h3 55. b7 h2 56. b8=Q h1=Q 57. Qg8+ Kf3 58. Qf7+ Ke4 59. Qxe6 Qg2+
60. Kc3 Qf3+ 61. Kb2 Kxd4 62. Qf6 Qc3+ 63. Kc1 Qe1+ 64. Kb2 Qc3+ 65. Kc1 Qe1+
1/2-1/2

[Event "I Open Under 1600 A"]
[Site "Ceriano Laghetto ITA"]
[Date "2015.11.22"]
[Round "4"]
[White "Zangheratti, Daniele"]
[Black "Puppi, Simone"]
[WhiteElo "1599"]
[BlackElo "1557"]
[Result "1-0"]
[PlyCount "75"]
[EventDate "2015.11.21"]

1. c4 c5 2. Nc3 Nc6 3. g3 g6 4. Bg2 Bg7 5. Nf3 Nf6 6. O-O O-O 7. d3 d5 8. cxd5
Nxd5 9. Bd2 Rb8 10. Nxd5 Qxd5 11. Bc3 f6 12. Nd4 Qh5 13. Qb3+ Kh8 14. Nxc6 bxc6
15. Qxb8 Bh3 16. Qxa7 Bxg2 17. Kxg2 Qd5+ 18. f3 e5 19. Rad1 h5 20. h4 Rf7 21.
Qb8+ Kh7 22. a4 g5 23. hxg5 fxg5 24. Qc8 Kg6 25. e4 Qd6 26. a5 Qf6 27. Qf5+
Qxf5 28. exf5+ Rxf5 29. g4 Rf7 30. gxh5+ Kxh5 31. Rde1 Re7 32. Re4 Kg6 33. Rfe1
Kf5 34. Rc4 Rd7 35. Rxc5 Rxd3 36. Bxe5 Rd2+ 37. Kg3 Bf8 38. Bd6+ 1-0

[Event "I Open Under 1600 A"]
[Site "Ceriano Laghetto ITA"]
[Date "2015.11.22"]
[Round "5"]
[White "Frignani, Alessandro"]
[Black "Zangheratti, Daniele"]
[WhiteElo "1412"]
[BlackElo "1599"]
[Result "0-1"]
[PlyCount "84"]
[EventDate "2015.11.21"]

1. e4 c5 2. f4 d5 3. e5 e6 4. Nf3 Be7 5. Nc3 a6 6. d4 Nc6 7. Be3 cxd4 8. Bxd4
Nxd4 9. Qxd4 Nh6 10. Bd3 Bd7 11. O-O-O b5 12. Qf2 b4 13. Nb1 Qa5 14. a3 bxa3
15. Nxa3 Bxa3 16. bxa3 Qxa3+ 17. Kd2 Bb5 18. Ra1 Qb4+ 19. c3 Qxf4+ 20. Ke2
Bxd3+ 21. Kxd3 Ng4 22. Qd4 Qxd4+ 23. Kxd4 Ke7 24. h3 Nf2 25. Rhf1 Ne4 26. Rfb1
Ra7 27. c4 Rd8 28. c5 Rc8 29. Ra5 Rac7 30. Rc1 f6 31. Rc2 Rc6 32. Ne1 Ng3 33.
Nd3 Nf5+ 34. Kc3 fxe5 35. g4 Ne3 36. Rb2 Nd1+ 37. Kc2 Nxb2 38. Kxb2 e4 39. Nb4
Rxc5 40. Rxa6 Rb8 41. Ka3 Rc3+ 42. Ka4 Rc4 0-1

[Event "I Open Under 1600 A"]
[Site "Ceriano Laghetto ITA"]
[Date "2015.11.22"]
[Round "5"]
[White "Marcantognini, Denis"]
[Black "Carugati, Mario"]
[WhiteElo "1589"]
[BlackElo "1365"]
[Result "1-0"]
[PlyCount "77"]
[EventDate "2015.11.21"]

1. e4 e5 2. Nf3 Nc6 3. Bb5 Nd4 4. Nxd4 exd4 5. O-O Bc5 6. d3 Ne7 7. Bg5 O-O 8.
Nd2 Rb8 9. a4 Re8 10. Qf3 c6 11. Bc4 d5 12. exd5 cxd5 13. Bxd5 Qxd5 14. Ne4 Qf5
15. Qxf5 Nxf5 16. Nxc5 h6 17. Bf4 Ra8 18. Rfe1 Rxe1+ 19. Rxe1 b6 20. Re8+ Kh7
21. Nb3 Bb7 22. Rxa8 Bxa8 23. Be5 Nh4 24. f3 Nf5 25. Nxd4 Nxd4 26. Bxd4 Bd5 27.
Kf2 g6 28. a5 bxa5 29. Bxa7 Kg7 30. b3 Kf6 31. Bb6 a4 32. bxa4 Bc6 33. a5 Ke6
34. a6 Kd6 35. a7 Ba8 36. Be3 Kc6 37. Bxh6 Kc5 38. Be3+ Kb4 39. g4 1-0

[Event "I Open Under 1600 A"]
[Site "Ceriano Laghetto ITA"]
[Date "2015.11.22"]
[Round "5"]
[White "Sala, Pierluigi"]
[Black "Caccia, Mathias"]
[WhiteElo "1537"]
[BlackElo "1482"]
[Result "1/2-1/2"]
[PlyCount "56"]
[EventDate "2015.11.21"]

1. Nf3 d5 2. d4 Nf6 3. Bg5 Bf5 4. e3 Nbd7 5. c4 e6 6. cxd5 exd5 7. Nc3 c6 8.
Bd3 Bxd3 9. Qxd3 Bd6 10. O-O h6 11. Bh4 O-O 12. Rfe1 Qc7 13. Rac1 Rac8 14. Bxf6
Nxf6 15. e4 dxe4 16. Nxe4 Nxe4 17. Rxe4 Rfe8 18. Rce1 Red8 19. g3 Qb6 20. b3
Rd7 21. Re8+ Rxe8 22. Rxe8+ Bf8 23. Re4 Qd8 24. Qd2 c5 25. Qf4 cxd4 26. Nxd4
Bd6 27. Qe3 Re7 28. Rxe7 Qxe7 1/2-1/2

[Event "XVI Weekend A"]
[Site "Nichelino ITA"]
[Date "2015.10.02"]
[Round "1"]
[White "Alaimo, Cristian"]
[Black "De Santis, Alessio"]
[WhiteElo "1938"]
[BlackElo "2303"]
[Result "0-1"]
[PlyCount "74"]
[EventDate "2015.10.02"]

1. e4 b6 2. Nc3 Bb7 3. Bc4 e6 4. d4 Nf6 5. f3 d5 6. exd5 Nxd5 7. Nge2 Nxc3 8.
bxc3 Qh4+ 9. Ng3 Bd6 10. O-O Nd7 11. Be3 O-O-O 12. a4 a5 13. Qe2 Nf6 14. Ba6
Nh5 15. Bf2 Nxg3 16. Bxg3 Bxg3 17. hxg3 Qxg3 18. Rab1 Rd5 19. Bxb7+ Kxb7 20.
Qe4 Ka7 21. c4 Rg5 22. f4 Rh5 23. c5 Rb8 24. Rf3 Qh2+ 25. Kf2 Qh4+ 26. Ke2 Qg4
27. Kf2 Qf5 28. cxb6+ Rxb6 29. Qxf5 Rxf5 30. Rxb6 cxb6 31. Ke3 b5 32. Ke4 g5
33. fxg5 Rxf3 34. gxf3 bxa4 35. Kd3 a3 36. Kc3 a4 37. f4 Kb6 0-1